Visualizzazione normale
Vista MARC
- Dalla Lucio
di Personal Name
Records bibliografici associati: 1
001 - CONTROL NUMBER
- control field: 26972
003 - CONTROL NUMBER IDENTIFIER
- control field: IT-RoPau
005 - DATE AND TIME OF LATEST TRANSACTION
- control field: 20140526095719.0
008 - FIXED-LENGTH DATA ELEMENTS
- fixed length control field: 140526|| aca||aabn | a|a d
040 ## - CATALOGING SOURCE
- Original cataloging agency: IT-RoPau
- Transcribing agency: IT-RoPau
100 ## - HEADING--PERSONAL NAME
- Personal name: Dalla Lucio
- Miscellaneous information: Codice interprete SPICS: 10843
- Relator term: Interprete
670 ## - SOURCE DATA FOUND
- Source citation: Work cat.: (IT-RoPau)101433: Dalla Lucio 26964, Cambio